| 000 | 00566nam a2200205Ia 4500 | ||
|---|---|---|---|
| 005 | 20250326144315.0 | ||
| 008 | 250326s9999 xx 000 0 und d | ||
| 020 | _a81-224-498-7 | ||
| 037 | _aTextbook | ||
| 040 |
_aFMSL _beng _cFMSL |
||
| 041 |
_aeng _2eng |
||
| 084 |
_aX:8 N3 _qFMSL |
||
| 100 |
_aSUSHIL _9299297 |
||
| 245 | 0 |
_aSystem dynamics : practical apporach for managerial problems _cSUSHIL |
|
| 260 |
_aNew Delhi _bNew Delhi, Wiley Eastern _c1993 |
||
| 300 | _a380p | ||
| 365 | _b400 | ||
| 942 |
_cTB _hX:8 N3 |
||
| 999 |
_c1303238 _d1303238 |
||